| 000 | 00904pam a2200301 a 4500 | ||
|---|---|---|---|
| 001 | 013210093 | ||
| 003 | Uk | ||
| 005 | 20131009144818.0 | ||
| 008 | 061103s2006 enka 001 0 eng d | ||
| 020 | _a9780415327053 (hbk.) : | ||
| 020 | _a0415327059 (hbk.) : | ||
| 020 | _a9780415327060 (pbk.) : | ||
| 020 | _a0415327067 (pbk.) : | ||
| 020 | _a9780415327053 (ebk.) : | ||
| 020 | _a0203358554 (ebk.) : | ||
| 082 | 0 | 4 |
_a330 _222 _bNUR |
| 100 | 1 |
_aNurmi, Hannu. _934018 |
|
| 245 | 1 | 0 |
_aModels of political economy / _cHannu Nurmi. |
| 260 |
_aLondon : _bRoutledge, _c2006. |
||
| 300 |
_axvi, 222 p. ; _c24 cm. |
||
| 504 | _aIncludes bibliographical references and index. | ||
| 650 | 0 |
_aEconomics. _934019 |
|
| 650 | 0 |
_aEconomic history _y1945- _928315 |
|
| 650 | 0 |
_aEconomic policy. _934020 |
|
| 653 |
_bEco _cOctober2013 |
||
| 690 | 7 |
_aManagement and Business Studies _2blcoll |
|
| 942 |
_2ddc _cBB |
||
| 999 |
_c17630 _d17602 |
||